| 000 | 00707nam a22002177a 4500 | ||
|---|---|---|---|
| 005 | 20180618113635.0 | ||
| 010 | _a1718EN-30 ENgh-121685 B-686476-77 | ||
| 020 |
_a9789350330777 _c175.00 |
||
| 035 | _aEN-105217 | ||
| 035 | _aB-686476-77 | ||
| 037 |
_bStar Pub. _adpl |
||
| 037 | _bDBAD/PUB | ||
| 082 | _aN | ||
| 100 | _aThoreau, Henry David | ||
| 245 |
_aWalden / _cby Henry David Thoreau |
||
| 260 |
_aNoida _bMaple Press _c2017 |
||
| 270 |
_aA-63, Sector-58, _bNoida _e201301 |
||
| 300 |
_a280p. _c21cm(pbk) |
||
| 942 |
_2ddc _cEN _mTHO _hN |
||
| 999 |
_c145786 _d145786 |
||